000 00298nam a22001337a 4500
008 170210b xxu||||| |||| 00| 0 eng d
020 _a9780716750581
041 _aeng
080 _a61
100 _a4
101 _aSHM
245 _aINVESTIGATING DISEASE PATTERNS
_cSTOLLEY, P.D
942 _2udc
_cBK
999 _c5069
_d5069